[Event "XV  MIEDZYNARODOWY FESTIWAL  SZACHOWY "]
[Site "Rewal"]
[Date "2010.08.24"]
[Round "5.25"]
[White "Jagodzinski, Piotr"]
[Black "Sachryn, Krystian"]
[Result "1-0"]
[WhiteElo "2189"]
[BlackElo "1862"]
[PlyCount "61"]
[EventDate "2010.??.??"]

1. e4 c5 2. Nf3 g6 3. h4 h5 4. d4 Bg7 5. Nc3 b6 6. dxc5 bxc5 7. Qd5 Nc6 8. Qxc5
Nf6 9. Bd3 O-O 10. e5 Ng4 11. e6 f5 12. Bf4 Qb6 13. Qxb6 axb6 14. exd7 Bxd7 15.
Bc4+ Kh8 16. Rd1 e5 17. Bc1 Nd4 18. Nxd4 exd4 19. Ne2 b5 20. Bd5 Rae8 21. Bf4
Be6 22. Bf3 Bxa2 23. O-O Bc4 24. Rfe1 Bxe2 25. Bxe2 d3 26. Bxd3 Bxb2 27. Rxe8
Rxe8 28. Bxb5 Re4 29. Bc1 Bd4 30. Rxd4 Rxd4 31. Bb2 1-0

[Event "XV  MIEDZYNARODOWY FESTIWAL  SZACHOWY "]
[Site "Rewal"]
[Date "2010.08.25"]
[Round "6.1"]
[White "Oliwa, Marek"]
[Black "Sharapov, Evgeny"]
[Result "1/2-1/2"]
[WhiteElo "2418"]
[BlackElo "2499"]
[PlyCount "48"]
[EventDate "2010.??.??"]

1. Nf3 c5 2. b3 d6 3. Bb2 e5 4. d3 Nf6 5. e3 Be7 6. Be2 O-O 7. O-O Nc6 8. c4
Bf5 9. Nc3 h6 10. Re1 Re8 11. Bf1 Bf8 12. Nd2 Bg4 13. f3 Be6 14. Nde4 a6 15.
Nxf6+ Qxf6 16. Nd5 Qd8 17. g3 g6 18. Bg2 Bg7 19. f4 Ne7 20. Qd2 Nxd5 21. cxd5
Bd7 22. Re2 exf4 23. gxf4 Qh4 24. Bxg7 Kxg7 1/2-1/2

[Event "XV  MIEDZYNARODOWY FESTIWAL  SZACHOWY "]
[Site "Rewal"]
[Date "2010.08.25"]
[Round "6.2"]
[White "Korneevets, Alexander"]
[Black "Jaracz, Pawel"]
[Result "1/2-1/2"]
[WhiteElo "2314"]
[BlackElo "2541"]
[PlyCount "78"]
[EventDate "2010.??.??"]

1. d4 Nf6 2. c4 e6 3. Nf3 b6 4. g3 Bb4+ 5. Bd2 Be7 6. Bg2 c6 7. Nc3 d5 8. Ne5
O-O 9. Qa4 Bb7 10. O-O Nfd7 11. Nd3 Nf6 12. Ne5 Nfd7 13. Nd3 a6 14. cxd5 cxd5
15. b4 Nc6 16. e3 Na7 17. Qb3 Nc8 18. Rfc1 Nd6 19. Be1 Rc8 20. Nd1 Rxc1 21.
Rxc1 Qb8 22. a4 Rc8 23. Rxc8+ Qxc8 24. N1b2 Bc6 25. Bf1 b5 26. Nc5 Nc4 27. axb5
axb5 28. Nxd7 Qxd7 29. Nd3 Qa7 30. Bc3 Bd6 31. Be2 f6 32. Qb1 Be8 33. Qa1 Qxa1+
34. Bxa1 Bg6 35. Bc3 Kf7 36. Nc5 Ke7 37. Kf1 Na3 38. Bb2 Nc4 39. Bc3 Na3
1/2-1/2

[Event "XV  MIEDZYNARODOWY FESTIWAL  SZACHOWY "]
[Site "Rewal"]
[Date "2010.08.25"]
[Round "6.3"]
[White "Klekowski, Maciej"]
[Black "Cyborowski, Lukasz"]
[Result "0-1"]
[WhiteElo "2247"]
[BlackElo "2529"]
[PlyCount "116"]
[EventDate "2010.??.??"]

1. c4 Nf6 2. Nc3 d5 3. cxd5 Nxd5 4. Qb3 Nb6 5. Nf3 c5 6. e3 e6 7. Qc2 Nc6 8. a3
Bd7 9. Be2 Rc8 10. O-O Be7 11. Re1 O-O 12. Qb1 Nd5 13. d4 cxd4 14. Nxd5 exd5
15. Nxd4 Nxd4 16. exd4 Bd6 17. Bd2 Qh4 18. g3 Qf6 19. Bb4 Rfe8 20. Bd3 g6 21.
Bxd6 Qxd6 22. b4 Bg4 23. Rc1 Rxc1+ 24. Qxc1 Qf6 25. Qc5 b6 26. Qc2 Qf3 27. Qd2
Bh3 28. Bf1 Bxf1 29. Rxf1 Qxa3 30. Re1 Qa4 31. Rc1 a5 32. bxa5 Qxa5 33. Qf4
Re1+ 34. Kg2 Rxc1 35. Qxc1 Qa4 36. Qf4 Qe8 37. Qf6 Qe6 38. Qd8+ Kg7 39. Kf1 Qc6
40. Kg1 Qe6 41. Kf1 h6 42. h4 h5 43. Qc7 Qf6 44. Qc3 Qd6 45. Qd3 Qc6 46. Kg2 b5
47. Qe2 Qb7 48. Qe5+ Kh7 49. g4 hxg4 50. h5 b4 51. Qf6 Qd7 52. hxg6+ fxg6 53.
Qb6 Qe7 54. Kg3 Qe4 55. Qxb4 Qf3+ 56. Kh4 Qf4 57. Qe1 Kh6 58. Qe2 g5# 0-1

[Event "XV  MIEDZYNARODOWY FESTIWAL  SZACHOWY "]
[Site "Rewal"]
[Date "2010.08.25"]
[Round "6.4"]
[White "Koziak, Vitali"]
[Black "Janaszak, Dawid"]
[Result "1/2-1/2"]
[WhiteElo "2470"]
[BlackElo "2318"]
[PlyCount "29"]
[EventDate "2010.??.??"]

1. c4 c5 2. Nf3 g6 3. d4 cxd4 4. Nxd4 Nc6 5. e4 Nf6 6. Nc3 Nxd4 7. Qxd4 d6 8.
Be2 Bg7 9. Bg5 O-O 10. Qe3 Be6 11. O-O Qa5 12. Rac1 Rfc8 13. b3 a6 14. Na4 Re8
15. c5 1/2-1/2

[Event "XV  MIEDZYNARODOWY FESTIWAL  SZACHOWY "]
[Site "Rewal"]
[Date "2010.08.25"]
[Round "6.5"]
[White "Obrusnik, Michal"]
[Black "Brodowski, Piotr"]
[Result "1/2-1/2"]
[WhiteElo "2196"]
[BlackElo "2421"]
[PlyCount "116"]
[EventDate "2010.??.??"]

1. d4 Nf6 2. Nc3 d5 3. Bg5 Nbd7 4. f3 c6 5. Qd2 e6 6. e4 dxe4 7. fxe4 Qb6 8. e5
Nd5 9. Nxd5 cxd5 10. O-O-O Qb4 11. c3 Qa4 12. Kb1 Nb6 13. b3 Qa3 14. Bd3 Bd7
15. Ne2 h6 16. Be3 O-O-O 17. Rhf1 Be8 18. Nf4 Kb8 19. Rc1 Rc8 20. Be2 Rc7 21.
Bh5 Qa5 22. Be2 Qa3 23. Bh5 Qa5 24. Be2 Bb5 25. Bxb5 Qxb5 26. Qd3 Qd7 27. Rc2
a6 28. Rcf2 Qe8 29. Bd2 Ka7 30. Qg3 Qb5 31. Nxe6 fxe6 32. Rxf8 Rxf8 33. Rxf8
Nc4 34. Bc1 a5 35. Kc2 Nb6 36. Qd3 Qc6 37. a4 Rc8 38. Ba3 Nd7 39. Rxc8 Qxc8 40.
Qh7 b5 41. axb5 a4 42. bxa4 Qc4 43. Qxg7 Qe2+ 44. Kb1 Qd1+ 45. Kb2 Qe2+ 46. Kc1
Qe1+ 47. Kb2 Qe2+ 48. Kb1 Qd3+ 49. Ka2 Qc2+ 50. Bb2 Qxa4+ 51. Kb1 Qd1+ 52. Bc1
Qb3+ 53. Ka1 Qxc3+ 54. Bb2 Qe1+ 55. Ka2 Qa5+ 56. Kb1 Qe1+ 57. Ka2 Qa5+ 58. Ba3
Qd2+ 1/2-1/2

[Event "XV  MIEDZYNARODOWY FESTIWAL  SZACHOWY "]
[Site "Rewal"]
[Date "2010.08.25"]
[Round "6.6"]
[White "Rudolf, Michal"]
[Black "Klim, Kamil"]
[Result "1-0"]
[WhiteElo "2372"]
[BlackElo "2245"]
[PlyCount "45"]
[EventDate "2010.??.??"]

1. e4 c5 2. Nf3 d6 3. d4 cxd4 4. Nxd4 Nf6 5. Nc3 Nc6 6. Bc4 e6 7. Bb3 a6 8. Be3
Qc7 9. f4 Na5 10. O-O b5 11. f5 Nc4 12. Qe2 e5 13. Ndxb5 axb5 14. Nxb5 Qc6 15.
Qxc4 Qxc4 16. Bxc4 Rb8 17. Bd3 Bd7 18. a4 Kd8 19. b3 d5 20. exd5 Ng4 21. Ba7
Rb7 22. Kh1 h5 23. Bg1 1-0

[Event "XV  MIEDZYNARODOWY FESTIWAL  SZACHOWY "]
[Site "Rewal"]
[Date "2010.08.25"]
[Round "6.7"]
[White "Andrenko, Irina"]
[Black "Adamski, Jan"]
[Result "1-0"]
[WhiteElo "2133"]
[BlackElo "2287"]
[PlyCount "63"]
[EventDate "2010.??.??"]

1. e4 c5 2. c3 Nf6 3. e5 Nd5 4. d4 cxd4 5. Nf3 e6 6. cxd4 b6 7. Bc4 Bb7 8. Bxd5
Bxd5 9. Nc3 Bb4 10. O-O Bb7 11. Bg5 f6 12. exf6 gxf6 13. Ne5 h5 14. Qd3 Kf8 15.
Qg6 Qe8 16. Qxf6+ Kg8 17. Bh6 Rxh6 18. Qxh6 Bf8 19. Qg5+ Bg7 20. Nb5 Nc6 21.
Nd6 Qb8 22. Nxb7 Nxd4 23. Nxd7 Qxb7 24. Nf6+ Kf7 25. Nxh5 Ne2+ 26. Kh1 Bxb2 27.
Ng3 Bxa1 28. Rxa1 Nxg3+ 29. fxg3 Qa6 30. Kg1 Rc8 31. Rf1+ Ke8 32. Qg7 1-0

[Event "XV  MIEDZYNARODOWY FESTIWAL  SZACHOWY "]
[Site "Rewal"]
[Date "2010.08.25"]
[Round "6.8"]
[White "Halamus, Agata"]
[Black "Robak, Zbigniew"]
[Result "1/2-1/2"]
[WhiteElo "1996"]
[BlackElo "2278"]
[PlyCount "55"]
[EventDate "2010.??.??"]

1. e4 c5 2. Nf3 d6 3. d4 cxd4 4. Nxd4 Nf6 5. Nc3 Nc6 6. Bg5 e6 7. Qd2 Be7 8.
O-O-O O-O 9. f3 Nxd4 10. Qxd4 Qa5 11. Bd2 Qc5 12. Qxc5 dxc5 13. Be3 b6 14. e5
Nd7 15. f4 Nb8 16. Bd3 Bb7 17. Be4 Bc6 18. Rd2 f6 19. Rhd1 fxe5 20. fxe5 Bxe4
21. Nxe4 Nc6 22. Rd7 Bd8 23. Bg5 Bxg5+ 24. Nxg5 Nxe5 25. Re7 Nc6 26. Rc7 Nb4
27. c3 Rf5 28. h4 1/2-1/2

[Event "XV  MIEDZYNARODOWY FESTIWAL  SZACHOWY "]
[Site "Rewal"]
[Date "2010.08.25"]
[Round "6.9"]
[White "Skawinski, Arkadiusz"]
[Black "Piesik, Piotr"]
[Result "1/2-1/2"]
[WhiteElo "2233"]
[BlackElo "2264"]
[PlyCount "77"]
[EventDate "2010.??.??"]

1. e4 Nc6 2. Nf3 d6 3. d4 Bg4 4. d5 Bxf3 5. Qxf3 Ne5 6. Qb3 Qc8 7. f4 Nd7 8.
Be3 Ngf6 9. Nc3 c6 10. O-O-O cxd5 11. e5 dxe5 12. fxe5 Ng4 13. Nxd5 a6 14. Nb6
Nxb6 15. Bxb6 Qc6 16. e6 f5 17. Bc4 g6 18. Bd5 Bh6+ 19. Kb1 Qc8 20. Qa4+ Kf8
21. Bf3 Qxe6 22. Bd4 Nf6 23. Rhe1 Qf7 24. Bd5 b5 25. Qa3 Nxd5 26. Bxh8 Kg8 27.
Bd4 Bf8 28. Qg3 Nb4 29. b3 Nc6 30. Qc7 Qe8 31. Bc5 Rc8 32. Qd7 Qxd7 33. Rxd7
Nb8 34. Rb7 Rxc5 35. Rxb8 Kf7 36. Rb6 a5 37. Ra6 Bg7 38. Rae6 Bf6 39. h3
1/2-1/2

[Event "XV  MIEDZYNARODOWY FESTIWAL  SZACHOWY "]
[Site "Rewal"]
[Date "2010.08.25"]
[Round "6.10"]
[White "Kielar, Maciej"]
[Black "Pietocha, Pawel"]
[Result "1-0"]
[WhiteElo "2055"]
[BlackElo "2113"]
[PlyCount "81"]
[EventDate "2010.??.??"]

1. e4 g6 2. d4 Bg7 3. Nc3 c6 4. f4 d5 5. e5 Nh6 6. Nf3 Bg4 7. Be3 e6 8. h3 Bxf3
9. Qxf3 Nd7 10. g4 b5 11. Bd3 Nb6 12. b3 Bf8 13. Ne2 Nd7 14. Rf1 Qb6 15. f5
O-O-O 16. a4 b4 17. fxe6 fxe6 18. Bg5 Re8 19. Qe3 Ng8 20. a5 Qc7 21. Rf7 h6 22.
Bh4 g5 23. Bg3 Be7 24. Ra4 h5 25. Ba6+ Kd8 26. Kf1 hxg4 27. hxg4 Nh6 28. Rxe7
Rxe7 29. Qxg5 Nb8 30. Nf4 Kd7 31. Bd3 Qd8 32. Rxb4 Kc8 33. Bh4 Rf7 34. Qxd8+
Rxd8 35. Bxd8 Rxf4+ 36. Ke2 Nxg4 37. Be7 Rf2+ 38. Ke1 Rf7 39. Bd6 Rb7 40. Rxb7
Kxb7 41. Bg6 1-0

[Event "XV  MIEDZYNARODOWY FESTIWAL  SZACHOWY "]
[Site "Rewal"]
[Date "2010.08.25"]
[Round "6.11"]
[White "Pietruszewski, Marcin"]
[Black "Szczepkowska-Horowska, Karina"]
[Result "1-0"]
[WhiteElo "2098"]
[BlackElo "2298"]
[PlyCount "181"]
[EventDate "2010.??.??"]

1. e4 e5 2. Nf3 Nc6 3. Bb5 a6 4. Ba4 Nf6 5. O-O b5 6. Bb3 Be7 7. Re1 d6 8. c3
O-O 9. h3 Nb8 10. d4 Nbd7 11. Nbd2 Bb7 12. Bc2 Re8 13. Nf1 Bf8 14. Ng3 g6 15.
b3 Bg7 16. a4 c5 17. Bb2 Qc7 18. d5 bxa4 19. Rxa4 Nb6 20. Ra2 a5 21. c4 a4 22.
Nd2 axb3 23. Bxb3 h5 24. Qc2 Rxa2 25. Bxa2 Bc8 26. Bc3 Bd7 27. Bb3 Ra8 28. Ra1
Rxa1+ 29. Bxa1 Qa7 30. Bc3 Bh6 31. Ngf1 Qa8 32. Qa2 Qxa2 33. Bxa2 Na4 34. Ba1
Kf8 35. Bb3 Ke7 36. g3 Nb6 37. Kg2 Ne8 38. Bc3 Na4 39. Ba5 Nb2 40. Bc2 Ba4 41.
Bxa4 Nxa4 42. Kf3 Kd7 43. Ke2 Bg5 44. Ne3 Kc8 45. Nf3 Be7 46. Kd3 Kb7 47. Kc2
Ka6 48. Bd2 Nb6 49. Kd3 Ng7 50. g4 hxg4 51. hxg4 Ne8 52. g5 Nd7 53. Ng4 f5 54.
gxf6 Nexf6 55. Nxf6 Bxf6 56. Nh2 Bh4 57. Ng4 Nf6 58. Nxf6 Bxf6 59. f4 Kb7 60.
Bc3 Kc7 61. fxe5 dxe5 62. Bd2 Kd6 63. Bh6 Ke7 64. Ke2 Bh4 65. Kf3 Be1 66. Be3
Bb4 67. Kg4 Kf6 68. Bg5+ Kf7 69. Bd8 Bc3 70. Bc7 Kf6 71. Bd8+ Kf7 72. Bc7 Kf6
73. d6 Ke6 74. Kg5 Bd4 75. Kxg6 Kd7 76. Kf6 Bc3 77. Bb8 Bb2 78. Kf5 Bc3 79. Ba7
Bd4 80. Kf6 Kxd6 81. Bb8+ Kc6 82. Bxe5 Kb6 83. Ke6 Kc6 84. Bf4 Bf2 85. e5 Bd4
86. Ke7 Bf2 87. Bg5 Bg3 88. e6 Bd6+ 89. Kd8 Kb6 90. Kd7 Bf8 91. Bh6 1-0

[Event "XV  MIEDZYNARODOWY FESTIWAL  SZACHOWY "]
[Site "Rewal"]
[Date "2010.08.25"]
[Round "6.12"]
[White "Jaracz, Barbara"]
[Black "Wiewiora, Eneasz"]
[Result "1-0"]
[WhiteElo "2280"]
[BlackElo "2042"]
[PlyCount "73"]
[EventDate "2010.??.??"]

1. e4 e5 2. Nf3 Nc6 3. Bb5 f5 4. d3 fxe4 5. dxe4 Nf6 6. O-O Bc5 7. Nc3 d6 8.
Bg5 O-O 9. Nd5 Kh8 10. c3 a6 11. Bc4 Bg4 12. Nxf6 gxf6 13. Bh6 Re8 14. Ng5 fxg5
15. Qxg4 Qf6 16. Bxg5 Qg6 17. Qh4 Rf8 18. b4 Bb6 19. Rad1 Nd8 20. Rd3 Ne6 21.
Rg3 Nxg5 22. Rxg5 Qe8 23. g3 Rd8 24. Kg2 Rd7 25. Qg4 Re7 26. h4 Qc8 27. Rf5 Rg7
28. Qf3 Re8 29. h5 h6 30. Rf6 Kh7 31. Bf7 Rf8 32. Be6 Rxf6 33. Qxf6 Qe8 34.
Bf5+ Kg8 35. Qxh6 Re7 36. Rh1 Qf8 37. Be6+ 1-0

[Event "XV  MIEDZYNARODOWY FESTIWAL  SZACHOWY "]
[Site "Rewal"]
[Date "2010.08.25"]
[Round "6.13"]
[White "Szuper, Paul"]
[Black "Siedlinski, Piotr"]
[Result "1-0"]
[WhiteElo "2192"]
[BlackElo "2000"]
[PlyCount "155"]
[EventDate "2010.??.??"]

1. d4 d5 2. Nf3 e6 3. c4 c6 4. Nc3 dxc4 5. e3 b5 6. Ne5 Nf6 7. Qf3 Bb4 8. Bd2
O-O 9. Nxb5 Bxd2+ 10. Kxd2 Qb6 11. Na3 Qxb2+ 12. Nc2 c3+ 13. Kd1 Ba6 14. Nd3
Bxd3 15. Bxd3 Qb6 16. Ke2 Nbd7 17. Rhb1 Qc7 18. Rb3 Nd5 19. Qg3 Qxg3 20. hxg3
Rfb8 21. e4 Rxb3 22. axb3 Nc7 23. Ra5 Nb5 24. Bxb5 cxb5 25. Rxb5 g6 26. Kd3 Nf6
27. Rc5 a5 28. Rxc3 a4 29. bxa4 Rxa4 30. Ra3 Rxa3+ 31. Nxa3 Kf8 32. Nc4 Ke7 33.
Ne5 Ne8 34. g4 f6 35. Nc4 Nc7 36. Ne3 Kd6 37. f4 Kc6 38. g5 f5 39. d5+ Kc5 40.
dxe6 Nxe6 41. exf5 gxf5 42. g3 Nd4 43. Nc4 Nc6 44. Ne3 Nd4 45. Nc2 Nc6 46. Ke2
Kd5 47. Kf3 Kd6 48. g4 Ke6 49. gxf5+ Kxf5 50. Ne3+ Kg6 51. Kg4 Ne7 52. f5+ Kf7
53. Kh5 Ng8 54. Ng4 Ne7 55. Ne5+ Kg8 56. f6 Nf5 57. Kg4 Nd6 58. Kf4 Kf8 59. Ke3
Ne8 60. Ng4 Kf7 61. Nh6+ Kf8 62. Ke4 Nd6+ 63. Kd5 Nb5 64. Ng4 Nc3+ 65. Kd4 Nb5+
66. Kc5 Nc3 67. Kd4 Nb5+ 68. Ke5 Nc7 69. Kf5 Kf7 70. Ne5+ Kf8 71. Nc6 Nd5 72.
Ke5 Nc7 73. Nd8 Ne8 74. Ne6+ Kf7 75. Nd8+ Kf8 76. Ke6 Nc7+ 77. Kf5 Ne8 78. Ke6
1-0

[Event "XV  MIEDZYNARODOWY FESTIWAL  SZACHOWY "]
[Site "Rewal"]
[Date "2010.08.25"]
[Round "6.15"]
[White "Polok, Kacper"]
[Black "Sroka, Janusz"]
[Result "1-0"]
[WhiteElo "2041"]
[BlackElo "2148"]
[PlyCount "77"]
[EventDate "2010.??.??"]

1. d4 Nf6 2. Nc3 g6 3. e4 d6 4. Be3 Bg7 5. f3 Nbd7 6. Qd2 c6 7. g4 b5 8. h4 h5
9. g5 Ng8 10. Bg2 Nb6 11. b3 a5 12. Rd1 e6 13. Nh3 Ne7 14. O-O b4 15. Ne2 Ba6
16. Rf2 d5 17. Nhf4 Nd7 18. Bh3 Nf8 19. Nd3 Nd7 20. Ndf4 Nf8 21. Nd3 Nd7 22.
Nef4 Bxd3 23. cxd3 c5 24. exd5 exd5 25. Re2 O-O 26. dxc5 d4 27. Bf2 Nxc5 28.
Rc1 Qd6 29. Bg3 Rfe8 30. Nxh5 Qd5 31. Nxg7 Kxg7 32. Be5+ Kh7 33. f4 Ne6 34. Bg2
Qb5 35. Bxa8 Rxa8 36. h5 Nf5 37. Rh2 Nxg5 38. hxg6+ Kxg6 39. Qg2 1-0

[Event "XV  MIEDZYNARODOWY FESTIWAL  SZACHOWY "]
[Site "Rewal"]
[Date "2010.08.25"]
[Round "6.16"]
[White "Spicak, Krzysztof"]
[Black "Siwiec, Arkadiusz"]
[Result "1/2-1/2"]
[WhiteElo "2026"]
[BlackElo "2119"]
[PlyCount "73"]
[EventDate "2010.??.??"]

1. d4 Nf6 2. Nf3 g6 3. c4 Bg7 4. Nc3 d5 5. e3 O-O 6. Bd3 c5 7. O-O cxd4 8. exd4
Nc6 9. h3 b6 10. Bg5 Nb4 11. Be2 dxc4 12. Bxc4 Ba6 13. Bxa6 Nxa6 14. Re1 Nc7
15. Ne5 Qd6 16. Qd2 Ne6 17. Be3 Rfd8 18. Red1 Rac8 19. Rac1 Qb4 20. Nd3 Qa5 21.
b4 Qf5 22. Ne5 Ne4 23. Nxe4 Rxc1 24. Qxc1 Qxe4 25. Nc6 Rd7 26. d5 Nf8 27. f3
Qf5 28. Qc4 Be5 29. Bh6 Rc7 30. Qe2 Bd6 31. Qb2 f6 32. Be3 Kf7 33. Qb3 g5 34.
b5 Ke8 35. a4 Nd7 36. Qd3 Qxd3 37. Rxd3 1/2-1/2

[Event "XV  MIEDZYNARODOWY FESTIWAL  SZACHOWY "]
[Site "Rewal"]
[Date "2010.08.25"]
[Round "6.17"]
[White "Kastelik, Adrian"]
[Black "Hansson, Hakan"]
[Result "0-1"]
[WhiteElo "1942"]
[BlackElo "2114"]
[PlyCount "190"]
[EventDate "2010.??.??"]

1. e4 d6 2. d4 g6 3. Nc3 Bg7 4. Nf3 Nf6 5. Be3 O-O 6. Qd2 c6 7. O-O-O Nbd7 8.
Bh6 Ng4 9. Bxg7 Kxg7 10. h3 Ngf6 11. h4 h5 12. Ng5 e5 13. f3 Qe7 14. dxe5 dxe5
15. Qd6 Qxd6 16. Rxd6 Ne8 17. Rd2 Nc5 18. b4 Ne6 19. Nxe6+ Bxe6 20. Kb2 Nc7 21.
Be2 Rfd8 22. Rhd1 Rxd2 23. Rxd2 Kf8 24. Na4 Ke7 25. a3 b6 26. c4 Rg8 27. c5 b5
28. Nc3 Rd8 29. Rxd8 Kxd8 30. Kc2 f6 31. Kd2 Bf7 32. Ke3 Ne6 33. Bd1 Nd4 34. g3
Ke7 35. f4 Ke6 36. g4 hxg4 37. Bxg4+ Ke7 38. Bd1 Bb3 39. Bxb3 Nxb3 40. f5 gxf5
41. exf5 Nd4 42. Ke4 Kf7 43. a4 a6 44. axb5 axb5 45. Na2 Kg7 46. Nc1 Kh6 47.
Nd3 Nc2 48. Kf3 Kh5 49. Ke4 Kxh4 50. Nxe5 Nxb4 51. Nf3+ Kg3 52. Nd4 Kg4 53. Nb3
Nd5 54. Nd4 Ne7 55. Nf3 Nxf5 56. Nh2+ Kg5 57. Nf3+ Kg6 58. Nd2 Ne7 59. Nb3 Kf7
60. Nd4 Ke8 61. Kf4 Kd7 62. Ke4 b4 63. Kd3 f5 64. Kc4 f4 65. Kxb4 Ng6 66. Kc3
Ne5 67. Kd2 Ke7 68. Ke2 Kf6 69. Kf2 Kg5 70. Kg2 Kg4 71. Kf2 f3 72. Ke3 Kg3 73.
Nf5+ Kh3 74. Kf2 Kg4 75. Ne7 Kf4 76. Kf1 Ke3 77. Ke1 Kd4 78. Kf2 Kxc5 79. Ke3
Kb5 80. Nf5 c5 81. Ke4 f2 82. Ne3 Ng4 83. Nf1 c4 84. Kf3 c3 85. Ke2 Kb4 86. Kd1
Kb3 87. Kc1 Kc4 88. Kc2 Kd4 89. Ng3 Ne3+ 90. Kb1 f1=Q+ 91. Ka2 Qf2+ 92. Ne2+
Qxe2+ 93. Kb3 Qb2+ 94. Ka4 Kc5 95. Ka5 Qb5# 0-1

[Event "XV  MIEDZYNARODOWY FESTIWAL  SZACHOWY "]
[Site "Rewal"]
[Date "2010.08.25"]
[Round "6.18"]
[White "Guzik, Jolanta"]
[Black "Reza, Wojciech"]
[Result "1-0"]
[WhiteElo "2112"]
[BlackElo "1940"]
[PlyCount "61"]
[EventDate "2010.??.??"]

1. c4 Nf6 2. Nc3 e6 3. d4 Bb4 4. Nf3 d6 5. Qc2 O-O 6. Bg5 Nbd7 7. e3 e5 8. a3
Bxc3+ 9. Qxc3 Re8 10. dxe5 dxe5 11. Rd1 Qe7 12. Qc2 a5 13. Be2 a4 14. O-O Nc5
15. Rd5 e4 16. Bxf6 gxf6 17. Nh4 Be6 18. Rh5 Rad8 19. f3 f5 20. Nxf5 Bxf5 21.
Rxf5 Nb3 22. Qc3 Nd2 23. Re1 exf3 24. Bxf3 Qh4 25. g3 Qh6 26. Bd5 Qg6 27. Bxf7+
Qxf7 28. Rxf7 Kxf7 29. e4 Nb3 30. Rf1+ Kg8 31. Qf6 1-0

[Event "XV  MIEDZYNARODOWY FESTIWAL  SZACHOWY "]
[Site "Rewal"]
[Date "2010.08.25"]
[Round "6.19"]
[White "Sowul, Bartosz"]
[Black "Gola, Karol"]
[Result "1-0"]
[WhiteElo "2128"]
[BlackElo "2212"]
[PlyCount "95"]
[EventDate "2010.??.??"]

1. d4 d5 2. Nf3 Nf6 3. c4 dxc4 4. Nc3 a6 5. e4 b5 6. e5 Nd5 7. a4 Nxc3 8. bxc3
Qd5 9. Ba3 Bb7 10. Be2 e6 11. Bxf8 Rxf8 12. Qb1 Rh8 13. O-O Qc6 14. Qb4 Qb6 15.
Rfb1 Nc6 16. Qb2 Na5 17. Nd2 Bc6 18. Qc1 Qb7 19. f3 Bd5 20. Qa3 Kd7 21. Bd1
Rhb8 22. Ne4 Bxe4 23. fxe4 Nb3 24. Bxb3 cxb3 25. Rf1 Ke8 26. Qxb3 Qxe4 27. Rae1
Qc6 28. Qc2 g6 29. Qf2 Qd7 30. axb5 axb5 31. Qh4 h5 32. Rf4 Qe7 33. Qf2 c6 34.
Rf1 Rb7 35. Qd2 Qa3 36. R4f3 Qf8 37. Rf6 Qg7 38. Qc2 Qh6 39. Qe2 Rc8 40. c4
bxc4 41. Qxc4 Qe3+ 42. Kh1 Qb3 43. Qc1 Qb4 44. Qh6 Qf8 45. Qxg6 Re7 46. Rxf7
Qxf7 47. Rxf7 Rxf7 48. Qxe6+ 1-0

[Event "XV  MIEDZYNARODOWY FESTIWAL  SZACHOWY "]
[Site "Rewal"]
[Date "2010.08.25"]
[Round "6.20"]
[White "Motyl, Tomasz"]
[Black "Dobrowolski, Marcin"]
[Result "1/2-1/2"]
[WhiteElo "2015"]
[BlackElo "1964"]
[PlyCount "34"]
[EventDate "2010.??.??"]

1. g3 g6 2. Bg2 Bg7 3. e4 d6 4. f4 Nc6 5. Nf3 e5 6. Nc3 exf4 7. gxf4 Bg4 8. O-O
Nge7 9. d3 O-O 10. Qe1 f5 11. Bd2 Qd7 12. Qh4 Nd4 13. Nxd4 Bxd4+ 14. Kh1 Rae8
15. Rae1 Nc6 16. Bf3 Bxf3+ 17. Rxf3 fxe4 1/2-1/2

[Event "XV  MIEDZYNARODOWY FESTIWAL  SZACHOWY "]
[Site "Rewal"]
[Date "2010.08.25"]
[Round "6.21"]
[White "Latocha, Aleksander"]
[Black "Nasuta, Grzegorz"]
[Result "0-1"]
[WhiteElo "1929"]
[BlackElo "2102"]
[PlyCount "58"]
[EventDate "2010.??.??"]

1. e4 c5 2. Nf3 d6 3. d4 cxd4 4. Nxd4 Nf6 5. Nc3 a6 6. Bc4 Nbd7 7. O-O Qc7 8.
Qe2 b5 9. Bb3 Nc5 10. f4 e6 11. e5 dxe5 12. fxe5 Nfd7 13. Nd5 Qb7 14. Qf3 Nxe5
15. Nc7+ Qxc7 16. Qxa8 Bd6 17. g3 O-O 18. Qg2 Nxb3 19. axb3 Bc5 20. c3 Ng4 21.
Qe2 e5 22. b4 Ba7 23. Be3 Nxe3 24. Qxe3 exd4 25. cxd4 Bb7 26. Kf2 Qd7 27. Rad1
Re8 28. Qf4 Qd5 29. Rg1 Re6 0-1

[Event "XV  MIEDZYNARODOWY FESTIWAL  SZACHOWY "]
[Site "Rewal"]
[Date "2010.08.25"]
[Round "6.22"]
[White "Rogala, Robert"]
[Black "Jagodzinski, Piotr"]
[Result "0-1"]
[WhiteElo "2037"]
[BlackElo "2189"]
[PlyCount "98"]
[EventDate "2010.??.??"]

1. e4 c6 2. c4 d5 3. cxd5 cxd5 4. exd5 Qxd5 5. Nc3 Qd8 6. d4 e6 7. Nf3 Nf6 8.
Bd3 Nc6 9. O-O Be7 10. a3 O-O 11. b4 Kh8 12. Ne2 b6 13. Be3 Bb7 14. Qd2 Nd5 15.
Rac1 Bf6 16. Bg5 Qd6 17. Rfd1 Rac8 18. Be4 Bxg5 19. Qxg5 Nf6 20. Bb1 a5 21. b5
Ne7 22. Ne5 Kg8 23. Qg3 Rfd8 24. Qb3 Bd5 25. Qb2 Ng6 26. h3 Bb7 27. Nd3 Qd5 28.
f3 Nh4 29. Ne5 Ba8 30. Ba2 Qd6 31. Rxc8 Rxc8 32. Rc1 Rf8 33. Nc6 Ng6 34. Ne5
Nd5 35. Bb1 Ndf4 36. Nxf4 Nxf4 37. Qd2 g5 38. Nc6 h6 39. Rd1 Kg7 40. g3 Ng6 41.
Ne5 Nxe5 42. dxe5 Qxe5 43. f4 Qc5+ 44. Qd4+ Qxd4+ 45. Rxd4 Rc8 46. Bd3 Rc3 47.
a4 Bd5 48. f5 Kf6 49. fxe6 fxe6 0-1

[Event "XV  MIEDZYNARODOWY FESTIWAL  SZACHOWY "]
[Site "Rewal"]
[Date "2010.08.25"]
[Round "6.24"]
[White "Puczylowski, Marcin"]
[Black "Gorol, Magdalena"]
[Result "1-0"]
[WhiteElo "2034"]
[BlackElo "1787"]
[PlyCount "41"]
[EventDate "2010.??.??"]

1. e4 g6 2. d4 Bg7 3. Nc3 d6 4. f4 e6 5. Nf3 Ne7 6. Bd3 b6 7. Qe2 Bb7 8. O-O
O-O 9. e5 dxe5 10. dxe5 Nd7 11. Be3 Nf5 12. Bf2 Re8 13. Rad1 a6 14. Be4 Bxe4
15. Nxe4 Qe7 16. g4 Nh6 17. Bh4 f6 18. exf6 Qf7 19. Nfg5 Qf8 20. Rxd7 Bxf6 21.
Nxh7 1-0

[Event "XV  MIEDZYNARODOWY FESTIWAL  SZACHOWY "]
[Site "Rewal"]
[Date "2010.08.25"]
[Round "6.25"]
[White "Sachryn, Krystian"]
[Black "Mrozewicz, Ryszard"]
[Result "1-0"]
[WhiteElo "1862"]
[BlackElo "1669"]
[PlyCount "73"]
[EventDate "2010.??.??"]

1. Nf3 Nf6 2. b3 d5 3. c4 c6 4. g3 e6 5. Bg2 Be7 6. Bb2 Nbd7 7. O-O Qc7 8. Qc2
O-O 9. Na3 Qa5 10. Nb1 Qc7 11. Nc3 Re8 12. Rac1 Qb8 13. d4 e5 14. dxe5 Nxe5 15.
Nxe5 Qxe5 16. Nxd5 Qh5 17. Nxf6+ gxf6 18. e4 Bg4 19. c5 Rad8 20. f3 Be6 21. b4
Qh6 22. f4 Bg4 23. Bf3 Qg6 24. Bxg4 Qxg4 25. Rfd1 h5 26. Rd3 h4 27. Qd1 Qg6 28.
Rxd8 Rxd8 29. Qf3 h3 30. f5 Qh7 31. Rd1 Qh6 32. Rxd8+ Bxd8 33. Qf4 Qh5 34. g4
Qh7 35. Bc1 Kg7 36. Kf2 Qh4+ 37. Qg3 {dalej zapis nieczytelny} 1-0

[Event "XV  MIEDZYNARODOWY FESTIWAL  SZACHOWY "]
[Site "Rewal"]
[Date "2010.08.26"]
[Round "7.1"]
[White "Cyborowski, Lukasz"]
[Black "Oliwa, Marek"]
[Result "1-0"]
[WhiteElo "2529"]
[BlackElo "2418"]
[PlyCount "73"]
[EventDate "2010.??.??"]

1. c4 Nf6 2. Nc3 e6 3. Nf3 d5 4. d4 Bb4 5. Bg5 h6 6. Bxf6 Qxf6 7. Qa4+ Nc6 8.
cxd5 exd5 9. e3 O-O 10. Be2 Bxc3+ 11. bxc3 b6 12. O-O Bb7 13. Nd2 Na5 14. Bf3
Rfd8 15. Rac1 Qe7 16. Rfe1 Qd7 17. Qa3 Re8 18. Red1 Qe7 19. Qa4 Red8 20. h3
Rab8 21. Re1 Qd7 22. Qc2 c5 23. Nb3 Nxb3 24. axb3 Qc7 25. b4 Ba6 26. Be2 Bxe2
27. Qxe2 Qd6 28. bxc5 bxc5 29. Ra1 Rd7 30. Ra5 Rc7 31. Qa2 Rbb7 32. Qa3 Qb6 33.
dxc5 Qb3 34. Rxa7 Qxa3 35. Rxa3 Rxc5 36. Rd1 Rb2 37. g4 {zapis nieczytelny} 1-0

[Event "XV  MIEDZYNARODOWY FESTIWAL  SZACHOWY "]
[Site "Rewal"]
[Date "2010.08.26"]
[Round "7.2"]
[White "Sharapov, Evgeny"]
[Black "Rudolf, Michal"]
[Result "1/2-1/2"]
[WhiteElo "2499"]
[BlackElo "2372"]
[PlyCount "70"]
[EventDate "2010.??.??"]

1. e4 e6 2. d4 d5 3. Nc3 Nf6 4. e5 Nfd7 5. f4 c5 6. Nf3 Nc6 7. Be3 Be7 8. Qd2
O-O 9. Be2 f6 10. exf6 Nxf6 11. dxc5 Qa5 12. Nb5 Qxd2+ 13. Nxd2 a6 14. Nd6 d4
15. Bf2 Nd7 16. N2c4 Nxc5 17. Nb6 Bxd6 18. Nxa8 b5 19. Nb6 Bb7 20. c3 Ne4 21.
Bxd4 Nxd4 22. cxd4 Bb4+ 23. Kf1 Rxf4+ 24. Bf3 Ba5 25. Nd7 Nd2+ 26. Ke2 Nxf3 27.
gxf3 Bxf3+ 28. Ke3 Bd2+ 29. Kxd2 Bxh1 30. Ke3 Re4+ 31. Kd3 Bg2 32. Rg1 Rg4 33.
Ke3 Re4+ 34. Kd3 Rg4 35. Ke3 Re4+ 1/2-1/2

[Event "XV  MIEDZYNARODOWY FESTIWAL  SZACHOWY "]
[Site "Rewal"]
[Date "2010.08.26"]
[Round "7.3"]
[White "Jaracz, Pawel"]
[Black "Obrusnik, Michal"]
[Result "1-0"]
[WhiteElo "2541"]
[BlackElo "2196"]
[PlyCount "41"]
[EventDate "2010.??.??"]

1. d4 Nf6 2. c4 g6 3. Nc3 Bg7 4. e4 d6 5. h3 O-O 6. Bg5 Na6 7. Bd3 e5 8. d5 Nc5
9. Bc2 a5 10. Nge2 h6 11. Be3 Nh5 12. Qd2 g5 13. g3 Qf6 14. O-O-O a4 15. f4
gxf4 16. gxf4 Nxf4 17. Rhg1 Nxe2+ 18. Qxe2 Qh4 19. Qg2 Qf6 20. Rdf1 Qg6 21. Qd2
1-0